000 00871nam a2200265 a 4500
001 72600
003 BD-RjUL
005 20211209082303.0
008 170521s1984 iaua b 000 0 eng d
020 _a0697049361
035 _a(BD-RjUL)72818
040 _aSBM
_cSBM
_dBD-RjUL
_beng
041 _aeng
082 _223
_a578.77
_bSUL 1984
100 1 0 _aSumich, James L.
_9214749
245 1 0 _aLaboratory and field investigations in marine life /
_cJames L. Sumich and Gordon H. Dudley
250 _a4th ed.
260 _aDubuque, IA ;
_bWm. C. Brown,
_cc1984.
300 _axi, 195 p. :
_bill. ;
_c28 cm.
504 _aIncludes bibliographical references (p. 205).
650 0 _aMarine biology
_xLaboratory manuals.
_9214753
650 0 _aMarine biology
_zAtlantic Coast (U.S.)
_xLaboratory manuals.
_9214754
700 1 _aDudley, George H.
_9214755
942 _2ddc
_cBK
999 _c72600
_d72600